000 00739nam a2200229Ia 4500
001 1004
003 GE_BSU
008 181216s||||||||xx |||||||||||||| ||und||
020 _a516002199Х
040 _cGE_BSU
080 _a336(075.8)
100 _aРайзберг,Б.А.
245 _aГосударственное управление экономическими и социальными процессами.
245 _bУчебное пособие.
260 _aМосква
260 _bИНФРА
260 _c2005
300 _a384 с.
541 _h10 л.
653 _aГосударственное управление экономическим и социальными процессами
942 _cBK
999 _c35161
_d35161